Catálogo

EL SISTEMA DE LOS OBJETOS (Registro nro. 49275)

Detalles MARC
000 -LEADER
fixed length control field 01093nam a2200217 a 4500
001 - CONTROL NUMBER
control field 49275
005 - DATE AND TIME OF LATEST TRANSACTION
control field 20180714033915.0
008 - FIXED-LENGTH DATA ELEMENTS--GENERAL INFORMATION
fixed length control field 140415s2004 mx 000 0 spa d
020 ## - INTERNATIONAL STANDARD BOOK NUMBER
International Standard Book Number 9682303478
041 ## - LANGUAGE CODE
Language code of text/sound track or separate title spa
082 ## - DEWEY DECIMAL CLASSIFICATION NUMBER
Classification number 745.593
Item number BAU
100 1# - MAIN ENTRY--PERSONAL NAME
Personal name BAUDRILLARD, JEAN
245 13 - TITLE STATEMENT
Title EL SISTEMA DE LOS OBJETOS
250 ## - EDITION STATEMENT
Edition statement 18ed.
260 ## - PUBLICATION, DISTRIBUTION, ETC.
Place of publication, distribution, etc. MEXICO :
Name of publisher, distributor, etc. SIGLO XXI EDITORES,
Date of publication, distribution, etc. 2004
300 ## - PHYSICAL DESCRIPTION
Extent 229
Dimensions 17.9 x 10.4 x 1.2
520 ## - SUMMARY, ETC.
Summary, etc. EN LAS LLAMADAS SOCIEDADES DE CONSUMO LOS OBJETOS YA NO SE PRODUCEN, ANTE TODO, PARA DAR LA SATISFACCION A LAS NECESIDADES PRIMORIDALES DEL HOMBRE, NI TAMPOCO A ESAS NECESIDADES SECUNDARIAS, PERO NO MENOS REALES, DE LA COMODIDAD,EL ESPARCIMIENTO, EL LUJO ESTETICO. ESTAS TAREA LAS PUEDE CUMPLIR CON TAL FACILIDAD UNA MODERNA SOCIEDAD INDUSTRIAL SUPERDESARROLLADA QUE SU DINAMISMO SE VOLVERIA SUPERFLUO SI SOLO TUVIESE COMO COMETIDO LA SATISFACCION DE LO QUE EL HOMBRE REAL, NATURAL Y TRADIC
650 14 - SUBJECT ADDED ENTRY--TOPICAL TERM
Topical term or geographic name entry element FUNCIONES
General subdivision OBJETOS
-- DESCRIPCION
-- OBJETOS
700 1# - ADDED ENTRY--PERSONAL NAME
Personal name GONZALEZ ARAMBURU, FRANCISCO
Relator term tr.
740 ## - ADDED ENTRY--UNCONTROLLED RELATED/ANALYTICAL TITLE
Uncontrolled related/analytical title LE SYSTEME DES OBJETS
Existencias
Withdrawn status Lost status Source of classification or shelving scheme Damaged status Not for loan Collection code Home library Current library Shelving location Date acquired Source of acquisition Inventory number Total Checkouts Full call number Barcode Date last seen Date last checked out Price effective from Koha item type
    Dewey Decimal Classification     General Biblioteca Karol Wojtyla Biblioteca Karol Wojtyla Sala general 03/12/2013 Compra 151000000000000000023083 1 745.593 BAU 73690 05/01/2026 30/08/2023 03/12/2013 Libro
    Dewey Decimal Classification     General Biblioteca Karol Wojtyla Biblioteca Karol Wojtyla Sala general 03/12/2013 Compra 151000000000000000023084   745.593 BAU 73691 05/01/2026   03/12/2013 Libro